Telzey Amberdon / The Complete Federation of the Hub, Volume 1 (Record no. 1929)

000 -LEADER
fixed length control field 00705nam a22002177a 4500
005 - DATE AND TIME OF LATEST TRANSACTION
control field 20210419073951.0
008 - FIXED-LENGTH DATA ELEMENTS--GENERAL INFORMATION
fixed length control field 210217s2002 ||||| |||| 00| 0 eng d
020 ## - INTERNATIONAL STANDARD BOOK NUMBER
International Standard Book Number 0671678510
040 ## - CATALOGING SOURCE
Transcribing agency DLC
Original cataloging agency eng
041 ## - LANGUAGE CODE
Language code of text/sound track or separate title eng
080 ## - UNIVERSAL DECIMAL CLASSIFICATION NUMBER
Universal Decimal Classification number 821.111
Item number S-34
100 ## - MAIN ENTRY--PERSONAL NAME
9 (RLIN) 946
Personal name Schmitz.James h
245 ## - TITLE STATEMENT
Title Telzey Amberdon / The Complete Federation of the Hub, Volume 1
Statement of responsibility, etc. Schmitz.James H
Remainder of title / by: Baen Publishing Enterprises
260 ## - PUBLICATION, DISTRIBUTION, ETC.
Place of publication, distribution, etc. Riverdale, New York
Name of publisher, distributor, etc. Baen Publishing Enterprises
Date of publication, distribution, etc. 2002
300 ## - PHYSICAL DESCRIPTION
Extent 436 p.
365 ## - TRADE PRICE
Price type code 7.99 usd
650 #0 - SUBJECT ADDED ENTRY--TOPICAL TERM
9 (RLIN) 247
Topical term or geographic name entry element English literature
653 ## - INDEX TERM--UNCONTROLLED
Uncontrolled term ინგლისური ლიტერატურა
700 ## - ADDED ENTRY--PERSONAL NAME
9 (RLIN) 1165
Personal name Flint, Eric
Relator term Editor
942 ## - ADDED ENTRY ELEMENTS (KOHA)
Source of classification or shelving scheme
Koha item type Books
Holdings
Withdrawn status Lost status Source of classification or shelving scheme Damaged status Not for loan Permanent location Current location Date acquired Inventory number Total Checkouts Full call number Barcode Date last seen Price effective from Koha item type
          Ken Walker International University Ken Walker International University 03/04/2021 1922   821.111 S-34 1922 03/04/2021 03/04/2021 Books

Powered by Koha